| 000 | 00542nam a22001817a 4500 | ||
|---|---|---|---|
| 003 | OSt | ||
| 005 | 20260115062333.0 | ||
| 008 | 260115b |||||||| |||| 00| 0 eng d | ||
| 020 | _a1-582796467. | ||
| 040 |
_aDWCL-Main lib _cOC |
||
| 082 |
_22005 edition _aGR. 616.54 Ov96 2006 |
||
| 245 | _aOvercoming skin problems 2005 ed. | ||
| 260 |
_aUSA : _bTrident Reference Publishing, _cc2005. |
||
| 300 |
_a63 pages : _bcolored illustration ; _c27 cm. |
||
| 650 | _21. Skin care. | ||
| 650 | _22. Skin disease. | ||
| 942 |
_2ddc _cGR _e2005 ed. _kGR. _n0 |
||
| 999 |
_c7438 _d7438 |
||